<?xml version="1.0" encoding="UTF-8"?>
<record
    xmlns:xsi="http://www.w3.org/2001/XMLSchema-instance"
    xsi:schemaLocation="http://www.loc.gov/MARC21/slim http://www.loc.gov/standards/marcxml/schema/MARC21slim.xsd"
    xmlns="http://www.loc.gov/MARC21/slim">

  <leader>03051nam a22004697a 4500</leader>
  <datafield tag="952" ind1=" " ind2=" ">
    <subfield code="0">0</subfield>
    <subfield code="1">0</subfield>
    <subfield code="2">lcc</subfield>
    <subfield code="4">0</subfield>
    <subfield code="7">0</subfield>
    <subfield code="a">20</subfield>
    <subfield code="b">20</subfield>
    <subfield code="d">2017-04-27</subfield>
    <subfield code="l">0</subfield>
    <subfield code="o">QA76.73 G654 2012</subfield>
    <subfield code="p">20 003676</subfield>
    <subfield code="r">2017-04-27</subfield>
    <subfield code="t">1</subfield>
    <subfield code="w">2017-04-27</subfield>
    <subfield code="y">LB</subfield>
  </datafield>
  <datafield tag="952" ind1=" " ind2=" ">
    <subfield code="0">0</subfield>
    <subfield code="1">0</subfield>
    <subfield code="4">0</subfield>
    <subfield code="7">0</subfield>
    <subfield code="a">11</subfield>
    <subfield code="b">11</subfield>
    <subfield code="d">2017-05-11</subfield>
    <subfield code="l">0</subfield>
    <subfield code="o">QA76.73P224 G654 2012</subfield>
    <subfield code="p">11 013443</subfield>
    <subfield code="r">2017-05-11</subfield>
    <subfield code="t">1</subfield>
    <subfield code="w">2017-05-11</subfield>
    <subfield code="y">LB</subfield>
  </datafield>
  <datafield tag="952" ind1=" " ind2=" ">
    <subfield code="0">0</subfield>
    <subfield code="1">0</subfield>
    <subfield code="4">0</subfield>
    <subfield code="7">0</subfield>
    <subfield code="a">11</subfield>
    <subfield code="b">11</subfield>
    <subfield code="d">2017-05-11</subfield>
    <subfield code="l">0</subfield>
    <subfield code="o">QA76.73P224 G654 2012</subfield>
    <subfield code="p">11 013448</subfield>
    <subfield code="r">2017-05-11</subfield>
    <subfield code="t">2</subfield>
    <subfield code="w">2017-05-11</subfield>
    <subfield code="y">LB</subfield>
  </datafield>
  <datafield tag="952" ind1=" " ind2=" ">
    <subfield code="0">0</subfield>
    <subfield code="1">0</subfield>
    <subfield code="2">lcc</subfield>
    <subfield code="4">0</subfield>
    <subfield code="7">0</subfield>
    <subfield code="a">04</subfield>
    <subfield code="b">04</subfield>
    <subfield code="d">2017-05-11</subfield>
    <subfield code="l">2</subfield>
    <subfield code="m">1</subfield>
    <subfield code="o">QA76.73 G654 2012</subfield>
    <subfield code="p">04 006633</subfield>
    <subfield code="r">2019-07-24</subfield>
    <subfield code="s">2019-07-22</subfield>
    <subfield code="t">1</subfield>
    <subfield code="w">2017-05-11</subfield>
    <subfield code="y">LB</subfield>
  </datafield>
  <datafield tag="952" ind1=" " ind2=" ">
    <subfield code="0">0</subfield>
    <subfield code="1">0</subfield>
    <subfield code="2">lcc</subfield>
    <subfield code="4">0</subfield>
    <subfield code="7">0</subfield>
    <subfield code="a">03</subfield>
    <subfield code="b">03</subfield>
    <subfield code="d">2017-05-12</subfield>
    <subfield code="l">0</subfield>
    <subfield code="o">QA76.73P224 2012</subfield>
    <subfield code="p">03 009395</subfield>
    <subfield code="r">2017-05-12</subfield>
    <subfield code="t">1</subfield>
    <subfield code="w">2017-05-12</subfield>
    <subfield code="y">LB</subfield>
  </datafield>
  <datafield tag="952" ind1=" " ind2=" ">
    <subfield code="0">0</subfield>
    <subfield code="1">0</subfield>
    <subfield code="2">lcc</subfield>
    <subfield code="4">0</subfield>
    <subfield code="7">0</subfield>
    <subfield code="a">22</subfield>
    <subfield code="b">22</subfield>
    <subfield code="d">2017-05-06</subfield>
    <subfield code="l">0</subfield>
    <subfield code="o">QA76.73 G654 2012</subfield>
    <subfield code="p">22 001728</subfield>
    <subfield code="r">2017-05-18</subfield>
    <subfield code="t">1</subfield>
    <subfield code="w">2017-05-18</subfield>
    <subfield code="y">LB</subfield>
  </datafield>
  <datafield tag="952" ind1=" " ind2=" ">
    <subfield code="0">0</subfield>
    <subfield code="1">0</subfield>
    <subfield code="2">lcc</subfield>
    <subfield code="4">0</subfield>
    <subfield code="7">0</subfield>
    <subfield code="a">13</subfield>
    <subfield code="b">13</subfield>
    <subfield code="d">2017-05-19</subfield>
    <subfield code="l">0</subfield>
    <subfield code="o">QA76.73 G654 2012</subfield>
    <subfield code="p">13 004589</subfield>
    <subfield code="r">2017-05-19</subfield>
    <subfield code="t">1</subfield>
    <subfield code="w">2017-05-19</subfield>
    <subfield code="y">LB</subfield>
  </datafield>
  <datafield tag="952" ind1=" " ind2=" ">
    <subfield code="0">0</subfield>
    <subfield code="1">0</subfield>
    <subfield code="2">lcc</subfield>
    <subfield code="4">0</subfield>
    <subfield code="7">0</subfield>
    <subfield code="a">14</subfield>
    <subfield code="b">14</subfield>
    <subfield code="d">2017-05-09</subfield>
    <subfield code="l">0</subfield>
    <subfield code="o">QA76.73 G654 2012</subfield>
    <subfield code="p">14 006292</subfield>
    <subfield code="r">2017-05-22</subfield>
    <subfield code="t">1</subfield>
    <subfield code="w">2017-05-22</subfield>
    <subfield code="y">LB</subfield>
  </datafield>
  <datafield tag="952" ind1=" " ind2=" ">
    <subfield code="0">0</subfield>
    <subfield code="1">0</subfield>
    <subfield code="2">lcc</subfield>
    <subfield code="4">0</subfield>
    <subfield code="7">0</subfield>
    <subfield code="a">08</subfield>
    <subfield code="b">08</subfield>
    <subfield code="d">2017-08-14</subfield>
    <subfield code="l">1</subfield>
    <subfield code="o">QA76.73 G654 2012</subfield>
    <subfield code="p">08 006297</subfield>
    <subfield code="r">2018-09-27</subfield>
    <subfield code="s">2018-09-27</subfield>
    <subfield code="t">1</subfield>
    <subfield code="w">2017-08-14</subfield>
    <subfield code="y">LB</subfield>
  </datafield>
  <datafield tag="952" ind1=" " ind2=" ">
    <subfield code="0">0</subfield>
    <subfield code="1">0</subfield>
    <subfield code="2">lcc</subfield>
    <subfield code="4">0</subfield>
    <subfield code="7">0</subfield>
    <subfield code="a">22</subfield>
    <subfield code="b">22</subfield>
    <subfield code="d">2017-11-16</subfield>
    <subfield code="l">0</subfield>
    <subfield code="o">QA76.73 G654 2012</subfield>
    <subfield code="p">24 000270</subfield>
    <subfield code="r">2023-08-08</subfield>
    <subfield code="t">1</subfield>
    <subfield code="w">2017-11-16</subfield>
    <subfield code="y">LB</subfield>
  </datafield>
  <datafield tag="952" ind1=" " ind2=" ">
    <subfield code="0">0</subfield>
    <subfield code="1">0</subfield>
    <subfield code="2">lcc</subfield>
    <subfield code="4">0</subfield>
    <subfield code="7">0</subfield>
    <subfield code="a">13</subfield>
    <subfield code="b">13</subfield>
    <subfield code="d">2017-12-13</subfield>
    <subfield code="l">0</subfield>
    <subfield code="o">005.72 G586c</subfield>
    <subfield code="p">01 014086</subfield>
    <subfield code="r">2023-07-08</subfield>
    <subfield code="t">1</subfield>
    <subfield code="w">2017-12-13</subfield>
    <subfield code="y">LB</subfield>
  </datafield>
  <datafield tag="952" ind1=" " ind2=" ">
    <subfield code="0">0</subfield>
    <subfield code="1">0</subfield>
    <subfield code="4">0</subfield>
    <subfield code="7">0</subfield>
    <subfield code="a">14</subfield>
    <subfield code="b">14</subfield>
    <subfield code="d">2018-09-03</subfield>
    <subfield code="l">0</subfield>
    <subfield code="o">QA76.73 G65 2012</subfield>
    <subfield code="p">14 007063</subfield>
    <subfield code="r">2018-09-03</subfield>
    <subfield code="t">2</subfield>
    <subfield code="w">2018-09-03</subfield>
    <subfield code="y">LB</subfield>
  </datafield>
  <datafield tag="952" ind1=" " ind2=" ">
    <subfield code="0">0</subfield>
    <subfield code="1">0</subfield>
    <subfield code="2">lcc</subfield>
    <subfield code="4">0</subfield>
    <subfield code="7">0</subfield>
    <subfield code="a">09</subfield>
    <subfield code="b">09</subfield>
    <subfield code="d">2018-11-10</subfield>
    <subfield code="l">0</subfield>
    <subfield code="o">QA76.73 G65</subfield>
    <subfield code="p">09 005289</subfield>
    <subfield code="r">2018-11-10</subfield>
    <subfield code="t">1</subfield>
    <subfield code="w">2018-11-10</subfield>
    <subfield code="y">LB</subfield>
  </datafield>
  <datafield tag="952" ind1=" " ind2=" ">
    <subfield code="0">0</subfield>
    <subfield code="1">0</subfield>
    <subfield code="2">lcc</subfield>
    <subfield code="4">0</subfield>
    <subfield code="7">0</subfield>
    <subfield code="a">09</subfield>
    <subfield code="b">09</subfield>
    <subfield code="d">2018-11-10</subfield>
    <subfield code="l">0</subfield>
    <subfield code="o">QA76.73 G65</subfield>
    <subfield code="p">09 005290</subfield>
    <subfield code="r">2018-11-10</subfield>
    <subfield code="t">2</subfield>
    <subfield code="w">2018-11-10</subfield>
    <subfield code="y">LB</subfield>
  </datafield>
  <datafield tag="999" ind1=" " ind2=" ">
    <subfield code="c">101860</subfield>
    <subfield code="d">101860</subfield>
  </datafield>
  <controlfield tag="005">20231102152024.0</controlfield>
  <controlfield tag="008">170427s2012    sp a    r     001 0 spa d</controlfield>
  <datafield tag="020" ind1=" " ind2=" ">
    <subfield code="a">9788415457381</subfield>
  </datafield>
  <datafield tag="050" ind1=" " ind2="4">
    <subfield code="a">QA76.73</subfield>
    <subfield code="b">G65</subfield>
  </datafield>
  <datafield tag="082" ind1=" " ind2="4">
    <subfield code="a">005.72</subfield>
    <subfield code="b">G586c</subfield>
  </datafield>
  <datafield tag="100" ind1="1" ind2=" ">
    <subfield code="a">G&#xF3;mez L&#xF3;pez, Julio</subfield>
    <subfield code="e">autor</subfield>
  </datafield>
  <datafield tag="245" ind1="1" ind2="0">
    <subfield code="a">Construcci&#xF3;n de p&#xE1;ginas web</subfield>
    <subfield code="c"> / Julio G&#xF3;mez L&#xF3;pez, Alfredo Alcayde Garc&#xED;a</subfield>
  </datafield>
  <datafield tag="250" ind1=" " ind2=" ">
    <subfield code="a">[2a. edici&#xF3;n]</subfield>
  </datafield>
  <datafield tag="260" ind1=" " ind2=" ">
    <subfield code="a">Madrid</subfield>
    <subfield code="b"> : Starbook</subfield>
    <subfield code="c">, 2012</subfield>
  </datafield>
  <datafield tag="300" ind1=" " ind2=" ">
    <subfield code="a">188 p&#xE1;ginas</subfield>
    <subfield code="b">: ilustraciones</subfield>
  </datafield>
  <datafield tag="500" ind1=" " ind2=" ">
    <subfield code="a">T&#xED;tulo en portada: Manual pr&#xE1;ctico construcci&#xF3;n de p&#xE1;ginas web

Incluye: 
&#xED;ndice alfab&#xE9;tico (pp.187-188)</subfield>
  </datafield>
  <datafield tag="505" ind1="0" ind2=" ">
    <subfield code="a">- Los lenguajes de las marcas
- Im&#xE1;genes y elementos miltimedia
- T&#xE9;cnicas de accesibilidad y usabilidad
- Herramientas de edici&#xF3;n web
- Formularios en la construcci&#xF3;n de p&#xE1;ginas web
- Plantillas en la construcci&#xF3;n de p&#xE1;ginas web
- Hojas de estilo en la construcci&#xF3;n de p&#xE1;ginas web</subfield>
  </datafield>
  <datafield tag="519" ind1=" " ind2=" ">
    <subfield code="a">Material Complementario /</subfield>
    <subfield code="d">(01 014086)</subfield>
  </datafield>
  <datafield tag="519" ind1=" " ind2=" ">
    <subfield code="a">Material Complementario /</subfield>
    <subfield code="d">(20 003676)</subfield>
  </datafield>
  <datafield tag="519" ind1=" " ind2=" ">
    <subfield code="a">Material Complementario /</subfield>
    <subfield code="d">(14 007063)</subfield>
  </datafield>
  <datafield tag="519" ind1=" " ind2=" ">
    <subfield code="a">Educaci&#xF3;n Mixta / </subfield>
    <subfield code="b">Inform&#xE1;tica / </subfield>
    <subfield code="c">T&#xF3;picos Actuales (P34- ) / </subfield>
    <subfield code="d">(04 006633) </subfield>
  </datafield>
  <datafield tag="519" ind1=" " ind2=" ">
    <subfield code="a">Educaci&#xF3;n Mixta / </subfield>
    <subfield code="b">Dise&#xF1;o Gr&#xE1;fico / </subfield>
    <subfield code="c">T&#xF3;picos Actuales (P34- ) / </subfield>
    <subfield code="d">(03 009395) </subfield>
  </datafield>
  <datafield tag="519" ind1=" " ind2=" ">
    <subfield code="a">Educaci&#xF3;n Mixta / </subfield>
    <subfield code="b">Inform&#xE1;tica / </subfield>
    <subfield code="c">Desarrollo de Aplicaciones (P20- ) / </subfield>
    <subfield code="d">(22 001728) </subfield>
  </datafield>
  <datafield tag="519" ind1=" " ind2=" ">
    <subfield code="a">Educaci&#xF3;n Mixta / </subfield>
    <subfield code="b">Inform&#xE1;tica / </subfield>
    <subfield code="c">Desarrollo de Aplicaciones (P20- ) / </subfield>
    <subfield code="d">(13 004589) </subfield>
  </datafield>
  <datafield tag="519" ind1=" " ind2=" ">
    <subfield code="a">Educaci&#xF3;n Mixta / </subfield>
    <subfield code="b">Inform&#xE1;tica / </subfield>
    <subfield code="c">Desarrollo de Aplicaciones (P20- ) / </subfield>
    <subfield code="d">(14 006292)</subfield>
  </datafield>
  <datafield tag="519" ind1=" " ind2=" ">
    <subfield code="a">Educaci&#xF3;n Mixta / </subfield>
    <subfield code="b">Inform&#xE1;tica / </subfield>
    <subfield code="c">Desarrollo de Aplicaciones (P20- ) / </subfield>
    <subfield code="d">(08 006297)</subfield>
  </datafield>
  <datafield tag="519" ind1=" " ind2=" ">
    <subfield code="a">Plan Flexible /</subfield>
    <subfield code="b">Inform&#xE1;tica / </subfield>
    <subfield code="c"> Dise&#xF1;o de P&#xE1;ginas WEB (LI847-3) /</subfield>
    <subfield code="d">(24 000270)</subfield>
  </datafield>
  <datafield tag="519" ind1=" " ind2=" ">
    <subfield code="a">Educaci&#xF3;n Mixta / </subfield>
    <subfield code="b">Inform&#xE1;tica / </subfield>
    <subfield code="c">Material Complementario / </subfield>
    <subfield code="d">(09 005289, 09 005290)</subfield>
  </datafield>
  <datafield tag="650" ind1="1" ind2="4">
    <subfield code="a">SITIOS WEB</subfield>
    <subfield code="x">DISE&#xD1;O</subfield>
  </datafield>
  <datafield tag="700" ind1="1" ind2=" ">
    <subfield code="a">Alcayde Garc&#xED;a, Alfredo </subfield>
    <subfield code="e">autor</subfield>
  </datafield>
  <datafield tag="942" ind1=" " ind2=" ">
    <subfield code="c">LB</subfield>
  </datafield>
</record>
